| 000 | 00400nam a2200145Ia 4500 | ||
|---|---|---|---|
| 008 | 220217s9999||||xx |||||||||||||| ||und|| | ||
| 020 | _a81-7808-691-3 | ||
| 082 | _a621.381 5 STR | ||
| 100 |
_aStreetman, Ben, G Banerjee, Sanjay _92133 |
||
| 245 | 0 | _aSolid state electronic devices | |
| 250 | _a5th | ||
| 260 |
_aPearson education asia _bDelhi _c2002 |
||
| 300 | _b250 | ||
| 650 | _aCIRCUITRY | ||
| 999 |
_c171950 _d171950 |
||